[Event "Mittelfrankenliga-B1 0708"]
[Site "Mittelfranken"]
[Date "2008.04.27"]
[Round "9.3"]
[White "Vogiatzis, Joannis"]
[Black "Basting, Steffen"]
[Result "1/2-1/2"]
[WhiteElo "1925"]
[BlackElo "1972"]
[PlyCount "39"]
[EventDate "2007.10.14"]
[EventType "team-tourn"]
[EventRounds "9"]
[EventCountry "GER"]
[SourceTitle "EXT 2011"]
[Source "ChessBase"]
[SourceDate "2010.11.26"]
[SourceVersion "1"]
[SourceVersionDate "2010.11.26"]
[SourceQuality "1"]
[WhiteTeam "Nuernberg NT IV"]
[BlackTeam "Fuerth SF"]
[WhiteTeamCountry "GER"]
[BlackTeamCountry "GER"]

1. e4 c5 2. Nf3 d6 3. d4 cxd4 4. Nxd4 Nf6 5. Nc3 a6 6. g3 e5 7. Nde2 Be7 8. Bg2 0-0 9. h3 b5 10. g4 b4 11. Nd5 Nxd5 12. Qxd5 Ra7 13. Be3 Be6 14. Qd2 Rb7 15. Ng3 Qc7 16. Nf5 Rc8 17. Nxe7+ Qxe7 18. 0-0 Rc6 19. Rfd1 Qc7 20. Rac1 1/2-1/2

[Event "Nuremberg Zabo op 09th"]
[Site "Nuremberg"]
[Date "2007.09.23"]
[Round "4"]
[White "Vogiatzis, Joannis"]
[Black "Nuesslein, Christian"]
[Result "1-0"]
[WhiteElo "1890"]
[BlackElo "1514"]
[PlyCount "109"]
[EventDate "2007.09.21"]
[EventType "swiss"]
[EventRounds "5"]
[EventCountry "GER"]
[SourceTitle "EXT 2018"]
[Source "ChessBase"]
[SourceDate "2017.10.13"]
[SourceVersion "1"]
[SourceVersionDate "2017.10.13"]
[SourceQuality "1"]

1. Nc3 e5 2. e4 Nc6 3. Nf3 Nf6 4. Bb5 Bb4 5. 0-0 Bxc3 6. dxc3 d6 7. Re1 0-0 8. h3 Ne7 9. Bf1 Ng6 10. g3 Nd7 11. Bg2 Re8 12. a4 Ndf8 13. Qd3 Bd7 14. Nd2 Qc8 15. Kh2 f5 16. exf5 Bxf5 17. Qd5+ Kh8 18. Qxb7 Qxb7 19. Bxb7 Rab8 20. Be4 Bd7 21. b3 Ne7 22. Bg2 Bf5 23. Be4 Bd7 24. Ba3 Ne6 25. Bg2 Rf8 26. Re2 Rf6 27. Ne4 Rf7 28. h4 Rbf8 29. Kg1 Bc6 30. Rf1 a5 31. Bh3 Nd8 32. Bc1 Bxe4 33. Rxe4 Nd5 34. Bd2 Nf6 35. Re2 Nc6 36. Bg2 Nd8 37. c4 Ne6 38. Bxa5 Nd4 39. Rd2 c5 40. Bc3 Rc7 41. Ra1 Nd7 42. Bxd4 exd4 43. f4 Ra7 44. Re1 Nb6 45. Re6 Rd8 46. Rde2 g6 47. Re8+ Rxe8 48. Rxe8+ Kg7 49. Rd8 Nxc4 50. bxc4 Rxa4 51. Bd5 Ra3 52. Kf2 Rc3 53. Be4 Rxc4 54. Rxd6 Rc3 55. Rc6 1-0

[Event "Nuremberg Zabo op 09th"]
[Site "Nuremberg"]
[Date "2007.09.21"]
[Round "1"]
[White "Roeckl, Adelbert"]
[Black "Vogiatzis, Joannis"]
[Result "0-1"]
[WhiteElo "1454"]
[BlackElo "1890"]
[PlyCount "86"]
[EventDate "2007.09.21"]
[EventType "swiss"]
[EventRounds "5"]
[EventCountry "GER"]
[SourceTitle "EXT 2018"]
[Source "ChessBase"]
[SourceDate "2017.10.13"]
[SourceVersion "1"]
[SourceVersionDate "2017.10.13"]
[SourceQuality "1"]

1. d4 c5 2. e3 e6 3. Nf3 Nf6 4. Bd3 b6 5. 0-0 Bb7 6. Nbd2 Be7 7. b3 0-0 8. Bb2 d6 9. Re1 Nbd7 10. c4 Rc8 11. Qe2 Rc7 12. e4 cxd4 13. Nxd4 a6 14. Rac1 Qa8 15. f3 Re8 16. Qf1 Rcc8 17. g4 Nc5 18. Bb1 g6 19. Ne2 e5 20. Ng3 Ne6 21. Qf2 Nd7 22. Rcd1 Nf4 23. Qf1 Nc5 24. Bc2 Nce6 25. Ne2 Bh4 26. Ng3 Ng5 27. Re3 Ngh3+ 28. Kh1 Qa7 29. Bc1 b5 30. Nb1 Bd8 31. Rxd6 Bb6 32. Rxb6 Qxb6 33. Nc3 bxc4 34. bxc4 Qb4 35. Nd5 Bxd5 36. exd5 Nxd5 37. Qxh3 Nxe3 38. Bxe3 Qe1+ 39. Bg1 Rxc4 40. Bb3 Rc1 41. Qg2 Rec8 42. h3 Rb1 43. Ne2 Rb2 0-1

[Event "Nuremberg LGA Cup 4th"]
[Site "Nuremberg"]
[Date "2007.09.07"]
[Round "3"]
[White "Haba, Petr"]
[Black "Vogiatzis, Joannis"]
[Result "1-0"]
[WhiteElo "2526"]
[BlackElo "2022"]
[PlyCount "43"]
[EventDate "2007.09.06"]
[EventType "swiss"]
[EventRounds "7"]
[EventCountry "GER"]
[SourceTitle "CBM 120 Extra"]
[Source "ChessBase"]
[SourceDate "2007.11.01"]
[SourceVersion "1"]
[SourceVersionDate "2007.11.01"]
[SourceQuality "1"]

1. e4 c5 2. Nf3 e6 3. d4 cxd4 4. Nxd4 a6 5. Nc3 b5 6. Bd3 Bb7 7. 0-0 Qb6 8. Nb3 Qc7 9. Qe2 Nc6 10. f4 d6 11. Bd2 Nf6 12. Rae1 Nd7 13. Kh1 Be7 14. Nd5 exd5 15. exd5 Nce5 16. Ba5 Qb8 17. fxe5 Nxe5 18. Nd4 Bxd5 19. Nf5 Bf8 20. Be4 Be6 21. Nd4 Bd7 22. Nc6 1-0

[Event "Nuremberg LGA Cup 4th"]
[Site "Nuremberg"]
[Date "2007.09.06"]
[Round "1"]
[White "Meier, Georg"]
[Black "Vogiatzis, Joannis"]
[Result "1-0"]
[WhiteElo "2546"]
[BlackElo "2022"]
[PlyCount "27"]
[EventDate "2007.09.06"]
[EventType "swiss"]
[EventRounds "7"]
[EventCountry "GER"]
[SourceTitle "CBM 120 Extra"]
[Source "ChessBase"]
[SourceDate "2007.11.01"]
[SourceVersion "1"]
[SourceVersionDate "2007.11.01"]
[SourceQuality "1"]

1. Nf3 c5 2. e4 e6 3. d4 cxd4 4. Nxd4 a6 5. Bd3 b5 6. 0-0 Qb6 7. Be3 Bc5 8. c3 Nc6 9. a4 b4 10. Nd2 Nxd4 11. Nc4 Qa7 12. cxd4 Bxd4 13. e5 d5 14. Qg4 1-0

[Event "Nuremberg-ch op 07th"]
[Site "Nuremberg"]
[Date "2007.05.19"]
[Round "2"]
[White "Delitzsch, Juergen"]
[Black "Vogiatzis, Joannis"]
[Result "1-0"]
[WhiteElo "2231"]
[BlackElo "2020"]
[PlyCount "81"]
[EventDate "2007.05.18"]
[EventType "swiss"]
[EventRounds "5"]
[EventCountry "GER"]
[SourceTitle "CBM 118 Extra"]
[Source "ChessBase"]
[SourceDate "2007.07.04"]
[SourceVersion "1"]
[SourceVersionDate "2007.07.04"]
[SourceQuality "1"]

1. d4 c5 2. d5 Nf6 3. c4 b5 4. cxb5 a6 5. bxa6 Bxa6 6. g3 d6 7. b3 g6 8. Bb2 Bg7 9. Bg2 Nbd7 10. Nh3 0-0 11. Bc3 Qc7 12. 0-0 Rfb8 13. Re1 Nb6 14. e4 Nfd7 15. f4 c4 16. b4 Bb5 17. Bxg7 Kxg7 18. Nc3 Na4 19. Qd2 Nxc3 20. Qxc3+ Kg8 21. Ng5 Nb6 22. e5 Na4 23. Qd4 Qa7 24. Qxa7 Rxa7 25. exd6 exd6 26. Ne4 Rb6 27. Rac1 Nb2 28. Bf1 Nd3 29. Bxd3 cxd3 30. Rcd1 Ra3 31. Rd2 Kg7 32. Rc1 f5 33. Rc7+ Kf8 34. Nc3 h5 35. Rb2 Ra8 36. Kf2 Ba4 37. Ke3 Bc2 38. Kd2 Rab8 39. b5 R8b7 40. Rxb7 Rxb7 41. a4 1-0

[Event "Mittelfranken-ch HT 56th"]
[Site "Postbauer"]
[Date "2007.04.06"]
[Round "8.14"]
[White "Werner, Thomas1111"]
[Black "Vogiatzis, Joannis"]
[Result "1/2-1/2"]
[WhiteElo "1877"]
[BlackElo "1904"]
[PlyCount "82"]
[EventDate "2007.04.03"]
[EventType "swiss"]
[EventRounds "9"]
[EventCountry "GER"]
[SourceTitle "EXT 2011"]
[Source "ChessBase"]
[SourceDate "2010.11.26"]
[SourceVersion "1"]
[SourceVersionDate "2010.11.26"]
[SourceQuality "1"]

1. d4 e6 2. c4 d5 3. Nc3 Nf6 4. cxd5 exd5 5. Bg5 c6 6. Qc2 h6 7. Bh4 Be7 8. e3 0-0 9. Bd3 Nbd7 10. Nf3 a6 11. 0-0 Re8 12. Rab1 c5 13. dxc5 Nxc5 14. Be2 Be6 15. Rfd1 Rc8 16. Nd4 Nce4 17. Qb3 Nc5 18. Qc2 Nce4 19. Qd3 Qa5 20. Bxf6 Nxc3 21. Bxe7 Nxe2+ 22. Qxe2 Rxe7 23. a3 Rec7 24. Qd2 Qxd2 25. Rxd2 Rc1+ 26. Rd1 Rxb1 27. Rxb1 Kf8 28. Kf1 Ke7 29. Ke2 Bd7 30. Kd2 Kd6 31. b3 b6 32. Rb2 Rc5 33. b4 Rc4 34. Rc2 g6 35. Kd3 Rc7 36. Rxc7 Kxc7 37. Nf3 Kd6 38. Kd4 Be8 39. Ng1 a5 40. Ne2 axb4 41. axb4 Bd7 1/2-1/2

[Event "Mittelfranken-ch HT 56th"]
[Site "Postbauer"]
[Date "2007.04.05"]
[Round "6.15"]
[White "Ceglar, Michael"]
[Black "Vogiatzis, Joannis"]
[Result "1/2-1/2"]
[WhiteElo "1890"]
[BlackElo "1904"]
[PlyCount "29"]
[EventDate "2007.04.03"]
[EventType "swiss"]
[EventRounds "9"]
[EventCountry "GER"]
[SourceTitle "EXT 2011"]
[Source "ChessBase"]
[SourceDate "2010.11.26"]
[SourceVersion "1"]
[SourceVersionDate "2010.11.26"]
[SourceQuality "1"]

1. e4 e6 2. d4 c5 3. c3 Qa5 4. dxc5 Qxc5 5. Be3 Qc7 6. Nf3 d6 7. Nbd2 Nf6 8. Bd3 Be7 9. h3 Nbd7 10. 0-0 b6 11. Nd4 a6 12. f4 Nc5 13. Bc2 Bb7 14. Qb1 g6 15. N4f3 1/2-1/2

[Event "Mittelfranken-ch HT 56th"]
[Site "Postbauer"]
[Date "2007.04.03"]
[Round "2.9"]
[White "Alsheimer, Christoph"]
[Black "Vogiatzis, Joannis"]
[Result "1/2-1/2"]
[WhiteElo "2095"]
[BlackElo "1904"]
[PlyCount "50"]
[EventDate "2007.04.03"]
[EventType "swiss"]
[EventRounds "9"]
[EventCountry "GER"]
[SourceTitle "EXT 2011"]
[Source "ChessBase"]
[SourceDate "2010.11.26"]
[SourceVersion "1"]
[SourceVersionDate "2010.11.26"]
[SourceQuality "1"]

1. Nf3 d5 2. d4 c5 3. dxc5 Qa5+ 4. Nc3 e6 5. Bd2 Qxc5 6. e4 Nf6 7. exd5 exd5 8. Bb5+ Nc6 9. Bg5 Be6 10. Bxf6 gxf6 11. Qd4 Rg8 12. 0-0 Rg4 13. Qxc5 Bxc5 14. Rad1 0-0-0 15. Ne2 Rdg8 16. g3 Rb4 17. Bxc6 bxc6 18. b3 Rbg4 19. Nfd4 Bd7 20. f3 R4g5 21. Kf2 Re5 22. c3 Rge8 23. Nf4 Bb6 24. b4 a6 25. Nd3 Re2+ 1/2-1/2

[Event "Nuremberg Zabo op 08th"]
[Site "Nuremberg"]
[Date "2006.09.24"]
[Round "5"]
[White "Demburg, Dimitrij"]
[Black "Vogiatzis, Joannis"]
[Result "1/2-1/2"]
[WhiteElo "1965"]
[BlackElo "1892"]
[PlyCount "51"]
[EventDate "2006.09.22"]
[EventType "swiss"]
[EventRounds "5"]
[EventCountry "GER"]
[SourceTitle "EXT 2018"]
[Source "ChessBase"]
[SourceDate "2017.10.13"]
[SourceVersion "1"]
[SourceVersionDate "2017.10.13"]
[SourceQuality "1"]

1. e4 c5 2. Nc3 e6 3. g3 d5 4. Bg2 dxe4 5. Nxe4 Nf6 6. Nc3 Nc6 7. Nge2 Be7 8. 0-0 0-0 9. d3 Bd7 10. Nf4 Rc8 11. Re1 b6 12. Ne4 Re8 13. h4 Bf8 14. c3 Nxe4 15. Bxe4 Ne7 16. Qc2 Bc6 17. Bd2 Qd7 18. Rad1 Red8 19. Bc1 Qb7 20. a3 Rd7 21. Bxc6 Qxc6 22. Re4 Rcd8 23. Rde1 Nf5 24. Qb3 Kh8 25. Qc2 Kg8 26. Qb3 1/2-1/2

[Event "Nuremberg Zabo op 08th"]
[Site "Nuremberg"]
[Date "2006.09.24"]
[Round "4"]
[White "Vogiatzis, Joannis"]
[Black "Wittmann, Norbert"]
[Result "1-0"]
[WhiteElo "1892"]
[BlackElo "1599"]
[PlyCount "53"]
[EventDate "2006.09.22"]
[EventType "swiss"]
[EventRounds "5"]
[EventCountry "GER"]
[SourceTitle "EXT 2018"]
[Source "ChessBase"]
[SourceDate "2017.10.13"]
[SourceVersion "1"]
[SourceVersionDate "2017.10.13"]
[SourceQuality "1"]

1. d4 Nf6 2. Nf3 e6 3. g3 c5 4. Bg2 Be7 5. c4 Nc6 6. d5 Na5 7. Nfd2 exd5 8. cxd5 d6 9. Nc3 0-0 10. 0-0 b6 11. h3 Ba6 12. b3 Qc7 13. Re1 b5 14. e4 b4 15. Ne2 c4 16. bxc4 Nxc4 17. Nb3 Ne5 18. Ned4 Nd3 19. Re3 Nxc1 20. Rxc1 Qd7 21. Nc6 Rac8 22. Nxb4 Bb5 23. Rec3 Ba4 24. Nc6 Bd8 25. Ne5 Rxc3 26. Nxd7 Rxc1 27. Nxf6+ 1-0

[Event "Nuremberg LGA Cup 3rd"]
[Site "Nuremberg"]
[Date "2006.09.08"]
[Round "2.48"]
[White "Schmitz, Stefan"]
[Black "Vogiatzis, Joannis"]
[Result "0-1"]
[WhiteElo "1671"]
[BlackElo "1871"]
[PlyCount "30"]
[EventDate "2006.09.07"]
[EventType "swiss"]
[EventRounds "7"]
[EventCountry "GER"]
[SourceTitle "EXT 2022"]
[Source "ChessBase"]
[SourceDate "2021.10.06"]
[SourceVersion "1"]
[SourceVersionDate "2021.10.06"]
[SourceQuality "1"]

1. e4 c5 2. Nf3 e6 3. d4 cxd4 4. Nxd4 d6 5. Nc3 b5 6. Be3 Bb7 7. g3 Qc7 8. Qd2 Nf6 9. g4 b4 10. Na4 d5 11. e5 Nfd7 12. f4 Nc6 13. Nb3 d4 14. Bf2 Ndxe5 15. Rg1 Nf3+ 0-1

[Event "Nuremberg LGA Cup 3rd"]
[Site "Nuremberg"]
[Date "2006.09.08"]
[Round "3.27"]
[White "Unzicker, Ferdinand"]
[Black "Vogiatzis, Joannis"]
[Result "1-0"]
[WhiteElo "2278"]
[BlackElo "1871"]
[PlyCount "27"]
[EventDate "2006.09.07"]
[EventType "swiss"]
[EventRounds "7"]
[EventCountry "GER"]
[SourceTitle "EXT 2022"]
[Source "ChessBase"]
[SourceDate "2021.10.06"]
[SourceVersion "1"]
[SourceVersionDate "2021.10.06"]
[SourceQuality "1"]

1. d4 d5 2. c4 e5 3. dxe5 d4 4. Nf3 Nc6 5. g3 Bg4 6. Bg2 Qd7 7. 0-0 0-0-0 8. Qb3 Bh3 9. e6 Bxe6 10. Ne5 Qd6 11. Nxc6 bxc6 12. Qa4 c5 13. Qxa7 Bxc4 14. Qa8+ 1-0

[Event "Mittelfranken-ch HT 55th"]
[Site "Postbauer"]
[Date "2006.04.15"]
[Round "9.9"]
[White "Vogiatzis, Joannis"]
[Black "Habermann, Manfred"]
[Result "1/2-1/2"]
[WhiteElo "1891"]
[BlackElo "1903"]
[PlyCount "29"]
[EventDate "2006.04.11"]
[EventType "swiss"]
[EventRounds "9"]
[EventCountry "GER"]
[SourceTitle "EXT 2011"]
[Source "ChessBase"]
[SourceDate "2010.11.26"]
[SourceVersion "1"]
[SourceVersionDate "2010.11.26"]
[SourceQuality "1"]

1. e4 g6 2. d4 d6 3. c3 Bg7 4. Bd3 e6 5. Nf3 Ne7 6. 0-0 b6 7. Re1 Bb7 8. Nbd2 Nd7 9. Nf1 0-0 10. Qe2 Re8 11. h3 c5 12. Be3 a6 13. a4 Qc7 14. Rec1 f5 15. Ng5 1/2-1/2

[Event "Mittelfranken-ch HT 55th"]
[Site "Postbauer"]
[Date "2006.04.13"]
[Round "6.12"]
[White "Vogiatzis, Joannis"]
[Black "Alt, Norbert"]
[Result "1/2-1/2"]
[WhiteElo "1891"]
[BlackElo "1866"]
[PlyCount "81"]
[EventDate "2006.04.11"]
[EventType "swiss"]
[EventRounds "9"]
[EventCountry "GER"]
[SourceTitle "EXT 2011"]
[Source "ChessBase"]
[SourceDate "2010.11.26"]
[SourceVersion "1"]
[SourceVersionDate "2010.11.26"]
[SourceQuality "1"]

1. e4 c5 2. Nf3 Nc6 3. Bc4 d6 4. 0-0 Nf6 5. d3 g6 6. c3 Bg7 7. Bb3 0-0 8. Re1 e5 9. Nbd2 Qc7 10. Nf1 Be6 11. Bc2 d5 12. Qe2 d4 13. Ng3 b5 14. Bg5 Rac8 15. h3 c4 16. a4 a6 17. axb5 axb5 18. Rac1 Nd7 19. Qd2 Nc5 20. dxc4 bxc4 21. Bh6 dxc3 22. bxc3 Rfd8 23. Qe3 Nd3 24. Bxd3 Rxd3 25. Qg5 f6 26. Qh4 Rxf3 27. gxf3 g5 28. Bxg5 fxg5 29. Qxg5 Qe7 30. h4 Qxg5 31. hxg5 Kf7 32. Rb1 Rc7 33. Rb6 Kg6 34. Rd1 Bf8 35. Ra1 Kxg5 36. Kg2 Bc5 37. Rb5 Ne7 38. Rh1 Ng6 39. Rh5+ Kf6 40. Ne2 Kg7 41. Kg3 1/2-1/2

[Event "Mittelfranken-ch HT 55th"]
[Site "Postbauer"]
[Date "2006.04.11"]
[Round "1.5"]
[White "Just, Hannes"]
[Black "Vogiatzis, Joannis"]
[Result "1-0"]
[WhiteElo "2089"]
[BlackElo "1891"]
[PlyCount "73"]
[EventDate "2006.04.11"]
[EventType "swiss"]
[EventRounds "9"]
[EventCountry "GER"]
[SourceTitle "EXT 2011"]
[Source "ChessBase"]
[SourceDate "2010.11.26"]
[SourceVersion "1"]
[SourceVersionDate "2010.11.26"]
[SourceQuality "1"]

1. e4 c5 2. Nf3 e6 3. b3 b6 4. d4 cxd4 5. Nxd4 Bb7 6. Bd3 a6 7. 0-0 Qc7 8. Bb2 Nf6 9. Nd2 d6 10. f4 Be7 11. Qf3 Nfd7 12. Qh5 g6 13. Qh3 e5 14. N4f3 f6 15. f5 g5 16. Qh5+ Kd8 17. Rae1 Nc5 18. Bc4 Bc6 19. Bf7 Nbd7 20. h4 h6 21. Ba3 Qb7 22. Bxc5 Nxc5 23. hxg5 fxg5 24. f6 Bxf6 25. Nd4 exd4 26. Rxf6 Qe7 27. Qg6 Kc7 28. e5 Kb7 29. Rxd6 Rac8 30. Nc4 Rhd8 31. b4 Nd7 32. a3 g4 33. Re2 Qh4 34. Qxh6 Qg3 35. Rxc6 Rh8 36. Rxb6+ Kc7 37. Rc6+ 1-0

[Event "Mittelfrankenliga-B1 0506"]
[Site "Germany"]
[Date "2006.03.19"]
[Round "7.5"]
[White "Braun, Robert"]
[Black "Vogiatzis, Joannis"]
[Result "0-1"]
[WhiteElo "1960"]
[BlackElo "1921"]
[PlyCount "70"]
[EventDate "2005.10.16"]
[EventType "team"]
[EventRounds "9"]
[EventCountry "GER"]
[SourceTitle "EXT 2007"]
[Source "ChessBase"]
[SourceDate "2006.11.23"]
[SourceVersion "1"]
[SourceVersionDate "2006.11.23"]
[SourceQuality "1"]

1. e4 c5 2. Nf3 e6 3. d4 cxd4 4. Nxd4 a6 5. Bd3 Bc5 6. Nb3 Be7 7. 0-0 Nc6 8. c4 d6 9. Nc3 Nf6 10. Be3 Ne5 11. Be2 Qc7 12. Rc1 b6 13. Nd4 Bb7 14. f4 Ned7 15. Bf3 0-0 16. b4 Rac8 17. a3 Rfe8 18. h3 Qb8 19. Qd3 Bd8 20. Rfd1 Bc7 21. Nde2 Rcd8 22. Nd4 Qa8 23. Re1 Qb8 24. Rc2 Kh8 25. g4 Ne5 26. Qe2 Nxf3+ 27. Qxf3 Qa8 28. Bf2 Rc8 29. g5 Nd7 30. Qh5 Kg8 31. Bg3 b5 32. Kh2 Bb6 33. Nf3 Rxc4 34. f5 exf5 35. Nd5 Rxc2+ 0-1

[Event "Mittelfrankenliga-B1 0506"]
[Site "Germany"]
[Date "2005.12.04"]
[Round "3.5"]
[White "Petzold, Vinzenz"]
[Black "Vogiatzis, Joannis"]
[Result "1-0"]
[WhiteElo "2068"]
[BlackElo "1921"]
[PlyCount "65"]
[EventDate "2005.10.16"]
[EventType "team"]
[EventRounds "9"]
[EventCountry "GER"]
[SourceTitle "EXT 2007"]
[Source "ChessBase"]
[SourceDate "2006.11.23"]
[SourceVersion "1"]
[SourceVersionDate "2006.11.23"]
[SourceQuality "1"]

1. d4 d5 2. c4 e6 3. Nc3 Nf6 4. Bg5 Be7 5. e3 h6 6. Bh4 0-0 7. Rc1 b6 8. Nf3 Bb7 9. Be2 Nbd7 10. cxd5 exd5 11. 0-0 c5 12. Qa4 Ne4 13. Bxe7 Qxe7 14. Ba6 Bxa6 15. Qxa6 Nxc3 16. Rxc3 c4 17. b3 cxb3 18. axb3 Nf6 19. Rfc1 Qb4 20. Nd2 Rfe8 21. Qd3 a5 22. Rc7 Reb8 23. Nf3 Qa3 24. Ne5 Rf8 25. Qb5 a4 26. bxa4 Rxa4 27. Qxb6 Rb4 28. Qc5 Qb3 29. Qe7 Ne8 30. Rc8 Rb7 31. Nd7 Rc7 32. Qxf8+ Kh7 33. Qxe8 1-0

[Event "Mittelfrankenliga-B1 0506"]
[Site "Germany"]
[Date "2005.11.20"]
[Round "2.5"]
[White "Wellmann, Franz Georg"]
[Black "Vogiatzis, Joannis"]
[Result "1/2-1/2"]
[WhiteElo "1863"]
[BlackElo "1921"]
[PlyCount "38"]
[EventDate "2005.10.16"]
[EventType "team"]
[EventRounds "9"]
[EventCountry "GER"]
[SourceTitle "EXT 2007"]
[Source "ChessBase"]
[SourceDate "2006.11.23"]
[SourceVersion "1"]
[SourceVersionDate "2006.11.23"]
[SourceQuality "1"]

1. e4 e6 2. d4 c5 3. Nf3 cxd4 4. Nxd4 a6 5. c4 Nf6 6. Nc3 Qc7 7. Be3 Bb4 8. Bd3 Nc6 9. f3 Bd6 10. g3 h5 11. Nxc6 dxc6 12. c5 Be7 13. Qb3 h4 14. g4 Nd7 15. Na4 Qa5+ 16. Bd2 Qc7 17. Be3 Qa5+ 18. Bd2 Qc7 19. Be3 Qa5+ 1/2-1/2

[Event "Nuremberg Zabo op 07th"]
[Site "Nuremberg"]
[Date "2005.09.25"]
[Round "5"]
[White "Vogiatzis, Joannis"]
[Black "Bildt, Thomas"]
[Result "1-0"]
[WhiteElo "1910"]
[BlackElo "1952"]
[PlyCount "127"]
[EventDate "2005.09.23"]
[EventType "swiss"]
[EventRounds "5"]
[EventCountry "GER"]
[SourceTitle "EXT 2012"]
[Source "ChessBase"]
[SourceDate "2011.11.24"]
[SourceVersion "1"]
[SourceVersionDate "2011.11.24"]
[SourceQuality "1"]

1. e4 e5 2. Nf3 Nc6 3. Bb5 a6 4. Ba4 Nf6 5. d3 b5 6. Bb3 d6 7. c3 Bg4 8. h3 Bh5 9. Nbd2 Be7 10. Nf1 h6 11. Ng3 Bg6 12. 0-0 Na5 13. Bc2 Nh7 14. Re1 Ng5 15. d4 Nxf3+ 16. Qxf3 0-0 17. Nf5 Bf6 18. d5 Bg5 19. b3 Qf6 20. g4 Bxf5 21. exf5 Bxc1 22. Raxc1 g5 23. Bb1 Kg7 24. Kg2 Rh8 25. Rh1 h5 26. c4 b4 27. Qe3 hxg4 28. hxg4 Nb7 29. Rxh8 Rxh8 30. Rh1 Rxh1 31. Kxh1 Qh6+ 32. Kg2 Nc5 33. f3 Qf6 34. Be4 Qd8 35. Qe1 a5 36. Bc2 Qa8 37. Qe2 Kf6 38. Qe1 Kg7 39. Qe2 f6 40. Qe1 Qb8 41. Qh1 Qh8 42. Qe1 Qb8 43. Qa1 Qe8 44. Qe1 e4 45. Bxe4 Nd3 46. Qa1 Nf4+ 47. Kf1 Qh8 48. Qd4 Qh3+ 49. Ke1 Qg2 50. Qf2 Qh1+ 51. Qf1 Qh4+ 52. Qf2 Ng2+ 53. Ke2 Nf4+ 54. Ke1 Kh6 55. Qxh4+ gxh4 56. Kf2 Kg5 57. Kg1 Ne2+ 58. Kh2 Nc3 59. Bc2 Nxa2 60. Kh3 Nc3 61. f4+ Kxf4 62. Kxh4 Ne2 63. Kh5 Nd4 64. Bd1 1-0

[Event "Nuremberg Zabo op 07th"]
[Site "Nuremberg"]
[Date "2005.09.24"]
[Round "2"]
[White "Heimrath, Reiner"]
[Black "Vogiatzis, Joannis"]
[Result "1/2-1/2"]
[WhiteElo "2149"]
[BlackElo "1910"]
[PlyCount "99"]
[EventDate "2005.09.23"]
[EventType "swiss"]
[EventRounds "5"]
[EventCountry "GER"]
[SourceTitle "EXT 2012"]
[Source "ChessBase"]
[SourceDate "2011.11.24"]
[SourceVersion "1"]
[SourceVersionDate "2011.11.24"]
[SourceQuality "1"]

1. d4 c5 2. e3 e6 3. Nf3 Nf6 4. b3 b6 5. Bb2 Bb7 6. Nbd2 d6 7. Bd3 Nbd7 8. 0-0 Be7 9. Re1 Qc7 10. c3 0-0 11. e4 Rfd8 12. Rc1 Rac8 13. Bb1 Nf8 14. Qe2 Re8 15. e5 N6d7 16. h4 cxd4 17. cxd4 Qb8 18. Ne4 dxe5 19. dxe5 Red8 20. Rxc8 Rxc8 21. Rd1 Bd5 22. h5 h6 23. Qe3 Rd8 24. Qf4 Bxe4 25. Bxe4 Nxe5 26. Rc1 Nxf3+ 27. Qxf3 Bc5 28. Bc3 a5 29. Qg4 e5 30. Bf5 Bd4 31. Be1 Qd6 32. Be4 Qf6 33. Rc6 Rd6 34. Rc8 Rd8 35. Rc2 Ne6 36. b4 a4 37. Rc6 Qf4 38. Qe2 Nf8 39. Bc2 Qg5 40. Bxa4 Qh4 41. Bb3 Ne6 42. Bxe6 fxe6 43. Rxe6 Rf8 44. Rg6 Rf5 45. g3 Qh3 46. Qc4+ Rf7 47. Qc6 Qf5 48. Qa8+ Kh7 49. Kg2 Qxh5 50. Rc6 1/2-1/2

[Event "Nuremberg LGA Cup 2nd"]
[Site "Nuremberg"]
[Date "2005.09.09"]
[Round "2.17"]
[White "Eichler, Christoph"]
[Black "Vogiatzis, Joannis"]
[Result "1-0"]
[WhiteElo "2258"]
[BlackElo "1845"]
[PlyCount "49"]
[EventDate "2005.09.08"]
[EventType "swiss"]
[EventRounds "7"]
[EventCountry "GER"]
[SourceTitle "EXT 2022"]
[Source "ChessBase"]
[SourceDate "2021.10.06"]
[SourceVersion "1"]
[SourceVersionDate "2021.10.06"]
[SourceQuality "1"]

1. e4 c5 2. Nf3 e6 3. d4 cxd4 4. Nxd4 a6 5. Bd3 b5 6. 0-0 Qb6 7. Nb3 Qc7 8. Be3 Nc6 9. a4 b4 10. N1d2 Nf6 11. Nc4 d6 12. a5 Bb7 13. Qe2 Nd7 14. Nb6 Nxb6 15. axb6 Qc8 16. Na5 Nxa5 17. Rxa5 Be7 18. Rfa1 0-0 19. Bxa6 Bxa6 20. Rxa6 Rb8 21. Bd4 e5 22. Be3 Qe6 23. Qd3 Rfd8 24. Ra7 Re8 25. Rc7 1-0

[Event "Nuremberg LGA Cup 2nd"]
[Site "Nuremberg"]
[Date "2005.09.09"]
[Round "3.40"]
[White "Vogiatzis, Joannis"]
[Black "Classen, Andrej"]
[Result "1-0"]
[WhiteElo "1845"]
[BlackElo "1692"]
[PlyCount "103"]
[EventDate "2005.09.08"]
[EventType "swiss"]
[EventRounds "7"]
[EventCountry "GER"]
[SourceTitle "EXT 2022"]
[Source "ChessBase"]
[SourceDate "2021.10.06"]
[SourceVersion "1"]
[SourceVersionDate "2021.10.06"]
[SourceQuality "1"]

1. e4 Nf6 2. e5 Nd5 3. d4 d6 4. c4 Nb6 5. exd6 cxd6 6. Nc3 g6 7. Be3 Bg7 8. Qd2 0-0 9. b3 Nc6 10. h3 Bf5 11. Nf3 Rc8 12. Bh6 e5 13. Bxg7 Kxg7 14. d5 Ne7 15. Be2 Ng8 16. 0-0 Nf6 17. Qe3 Re8 18. Rfe1 h5 19. Bf1 Qd7 20. a4 Rcd8 21. Nb5 Ra8 22. Nxa7 Nc8 23. Nb5 Ne7 24. Qb6 Red8 25. Rac1 Nc8 26. Qe3 b6 27. Ng5 Ne8 28. Nf3 f6 29. Nh4 Kf7 30. Qh6 Ne7 31. Rc3 Ng7 32. Qe3 Rdb8 33. Qd2 g5 34. Nxf5 Ngxf5 35. Bd3 Rh8 36. Bxf5 Nxf5 37. Qc2 Rad8 38. Qe4 Ne7 39. Qe3 Nc8 40. Kh2 Rdg8 41. Rd1 f5 42. b4 f4 43. Qe4 g4 44. c5 bxc5 45. bxc5 h4 46. cxd6 g3+ 47. Kh1 Nxd6 48. Qxe5 Nxb5 49. Qxf4+ Kg6 50. Rc6+ Kh7 51. Rh6+ Kg7 52. Qf6# 1-0